[Event "10th Konjic 2021"]
[Site "Konjic"]
[Date "2021.02.28"]
[Round "5.1"]
[White "Ristic, Nenad"]
[Black "Zenelaj, Samuel"]
[Result "1/2-1/2"]
[WhiteElo "2330"]
[BlackElo "2208"]
[Annotator "TA"]
[PlyCount "50"]
[EventDate "2021.02.26"]
[EventType "tourn"]
[EventCountry "BIH"]
[SourceTitle "playchess.com"]
[Source "ChessBase"]
[SourceQuality "1"]

{[%evp 17,50,20,14,0,31,-23,-19,-21,-21,-55,-55,-45,-39,-95,-97,-111,-94,-68,-75,-62,-56,-82,-27,-23,-35,-45,-31,-49,-7,-12,-11,-9,0,0,0]} 1. e4 e5 2. Nf3 Nc6 3. Bb5 a6 4. Bxc6 dxc6 5. O-O Bd6 6. d4 exd4 7. Qxd4 f6 8. Be3 Ne7 9. Nbd2 Be6 10. Qc3 {C68: Ruy Lopez: Exchange Variation, sidelines.} Ng6 11. Nc4 ({White should try} 11. Nd4 $14 Qe7 12. Nxe6 Qxe6 13. f3) 11... Bxc4 $11 12. Qxc4 Qe7 13. b4 O-O-O {[#]} ({Not} 13... Bxb4 $2 14. Rab1 $18) 14. Bc5 $146 ({Predecessor:} 14. a4 Rhe8 15. b5 Qxe4 16. Qb3 Ne5 17. Nxe5 Qxe5 18. g3 cxb5 19. axb5 Qxb5 20. Qa2 h5 21. Rad1 h4 22. c4 Qh5 {0-1 (22) Wittmann,W (2361)-Galdunts,S (2502) Vienna 2006}) 14... Rhe8 15. Rfe1 {[#]} (15. Bxd6 $15 Qxd6 16. Rae1) 15... Ne5 $1 $17 {[%cal Re5c4]} 16. Nxe5 Qxe5 17. Bxd6 Rxd6 18. c3 Red8 19. a4 Qe6 ({Black should play} 19... Rd3 $17 20. Rac1 Kb8) 20. Qxe6+ $11 Rxe6 {KRR-KRR} 21. f3 Rd2 22. Kf1 Rc2 (22... c5 $5) 23. Rac1 {The position is equal.} Ra2 24. Ra1 Rc2 25. Rac1 Ra2 {Weighted Error Value: White=0.16/Black=0.10} 1/2-1/2

[Event "10th Konjic 2021"]
[Site "Konjic"]
[Date "2021.02.28"]
[Round "5.2"]
[White "Dumpor, Atif"]
[Black "Mrndjic, Muamer"]
[Result "0-1"]
[WhiteElo "2268"]
[BlackElo "2257"]
[Annotator "TA"]
[PlyCount "57"]
[EventDate "2021.02.26"]
[EventType "tourn"]
[EventCountry "BIH"]
[SourceTitle "playchess.com"]
[Source "ChessBase"]
[SourceQuality "1"]

{[%evp 9,57,16,14,-22,-23,-28,-27,-89,-66,-120,-66,-63,-59,-59,-63,-58,-45,-56,-43,-73,-54,-53,-54,-49,-31,-41,-40,-45,-32,-46,0,-50,-46,-88,-71,-176,0,0,0,0,0,-6,12,13,7,0,-5,-22,0,-8]} 1. e4 c6 2. d4 d5 3. exd5 cxd5 4. c4 Nf6 5. Nc3 g6 6. Bf4 {B14: Caro-Kann: Panov-Botvinnik Attack with 5...e6 and 5...g6.} Bg7 7. h3 Nc6 8. c5 (8. Nf3 $11) 8... O-O $17 9. Bb5 {[#]} (9. Be2 $15) 9... Ne4 $146 ({Black should play} 9... Nh5 $1 $17 {[%cal Rh5f4]} 10. Be3 {[#]} Nxd4 $1 11. Bxd4 e5) ({Predecessor:} 9... Nh5 10. Be3 a6 11. Bxc6 bxc6 12. g4 Nf6 13. f4 Ne8 14. Nf3 f6 15. O-O Qc7 {1-0 (36) Bondick,K (2051)-Becker,G (1836) Bad Sooden 2016}) 10. Bxc6 $15 Nxc3 11. bxc3 {Black must now prevent Ba4.} bxc6 12. Ne2 Qa5 13. O-O Ba6 14. Bd2 e5 15. Re1 Rfe8 16. Nc1 exd4 17. Nb3 Qa3 18. cxd4 Bc4 19. Be3 Rab8 20. Qc2 a5 {[%cal Rc4b3]} 21. g3 h5 {[%cal Rc4b3]} (21... Bxb3 {keeps more tension.} 22. axb3 Qxb3 23. Qxb3 Rxb3 24. Ra4 Rb4) 22. Kg2 (22. Qd2 $17) 22... Bxb3 $2 ({Black should try} 22... a4 $19 23. Nd2 Bd3) 23. axb3 $11 {The position is equal.} Qxb3 24. Qxb3 Rxb3 25. Rxa5 Bf6 ({Avoid the trap} 25... Bxd4 $2 26. Bxd4 Rbb8 27. Rxe8+ Rxe8 28. Ra6 $18) 26. Ra6 Re6 27. Rb6 Rd3 28. Rb4 Re4 {[%cal Rf6d4]} 29. Kf1 {[%mdl 32768] Weighted Error Value: White=0.21/Black=0.24. Sensor Board Error (Ke4/e5)?} 0-1

[Event "10th Konjic 2021"]
[Site "Konjic"]
[Date "2021.02.28"]
[Round "5.3"]
[White "Kamer, Kayra"]
[Black "Burovic, Rijad"]
[Result "1/2-1/2"]
[WhiteElo "2339"]
[BlackElo "2444"]
[Annotator "TA"]
[PlyCount "122"]
[EventDate "2021.02.26"]
[EventType "tourn"]
[EventCountry "BIH"]
[SourceTitle "playchess.com"]
[Source "ChessBase"]
[SourceQuality "1"]

{[%evp 14,122,33,26,35,4,5,15,37,44,33,0,37,16,14,15,18,11,15,14,12,20,12,0,41,18,17,17,14,10,19,19,19,20,51,41,54,58,64,63,93,99,91,83,84,80,72,69,81,69,78,72,78,90,91,68,68,0,0,0,0,0,0,0,0,-25,-25,-25,-25,-26,-25,-39,-42,-58,0,0,0,0,0,0,0,0,0,0,0,0,0,0,0,0,0,0,0,0,0,0,0,0,0,0,0,0,0,0,0,0,0,0,0,0,0]} 1. Nf3 d5 2. g3 g6 3. Bg2 Bg7 4. d4 c6 5. O-O Nf6 6. b3 O-O 7. Bb2 Bf5 8. c4 {seems to push 8.Nbd2 aside.} Qb6 {D78: Fianchetto Grünfeld: 6 0-0 c6.} 9. cxd5 cxd5 10. Nc3 {[#]} Na6 $146 ({Predecessor:} 10... Rc8 11. e3 Na6 12. Qe2 Nb4 13. Rfd1 Ne4 14. Nxe4 Bxe4 15. Ne1 a5 16. Bh3 Rc7 {0-1 (39) Drasko,M (2440)-Kozul,Z (2591) Sarajevo 2016}) 11. Ne5 Rfd8 12. Ba3 Nb4 13. Na4 Qb5 14. Rc1 Rdc8 15. Qd2 a5 16. f3 Nd7 17. Nxd7 Bxd7 18. Rfd1 h5 19. Bf1 {[#] Black must now prevent e3.} Qa6 20. Nc5 $36 {[%mdl 2048] Black is under pressure.} Qc6 21. e3 Bf5 22. Bxb4 axb4 23. Nd3 Qe6 24. Nxb4 Bh6 25. Kf2 Qd6 26. Bd3 Bxd3 27. Nxd3 Qe6 28. Rxc8+ Rxc8 29. Rc1 Rxc1 30. Qxc1 Qh3 31. Qg1 Qc8 32. Qf1 Qc2+ 33. Qe2 Qb1 34. Kg2 e6 35. b4 (35. Nc5 $14) 35... Bf8 $11 36. Qd2 b5 37. Nc5 Be7 38. Nd3 Bg5 39. a3 Qb3 40. f4 Bf6 41. h3 Qxa3 42. g4 hxg4 43. hxg4 Qb3 ({Black should try} 43... g5 $15) 44. g5 {The position is equal.} Be7 45. Nc5 Qb1 46. Qc3 Qd1 47. Qd3 Qe1 48. Nxe6 {Nc7 is the strong threat.} fxe6 49. Qxg6+ {[%mdl 64] [#] Double Attack} Kf8 {Strongly threatening ...Qe2+.} 50. Qxe6 Qe2+ 51. Kg3 Qe1+ 52. Kg2 Qe2+ 53. Kg3 Qe1+ 54. Kg4 {aiming for Kh5.} Qe2+ 55. Kh4 Qh2+ 56. Kg4 Qe2+ 57. Kf5 Qd3+ 58. Kg4 $1 Qe2+ 59. Kh4 Qh2+ 60. Kg4 Qe2+ 61. Kf5 {Hoping for Kg6.} Qd3+ {Weighted Error Value: White=0.05/Black=0.05} 1/2-1/2

[Event "10th Konjic 2021"]
[Site "Konjic"]
[Date "2021.02.28"]
[Round "5.4"]
[White "Runic, Zoran"]
[Black "Muratovic, Efim"]
[Result "0-1"]
[WhiteElo "2378"]
[BlackElo "2365"]
[Annotator "TA"]
[PlyCount "115"]
[EventDate "2021.02.26"]
[EventType "tourn"]
[EventCountry "BIH"]
[SourceTitle "playchess.com"]
[Source "ChessBase"]
[SourceQuality "1"]

{[%evp 20,115,0,15,18,0,0,0,19,22,48,37,50,47,52,16,33,33,34,47,66,64,53,52,66,51,129,137,126,109,150,139,167,181,171,164,152,59,136,126,283,277,278,253,313,16,23,17,5,-8,-8,-5,-11,-10,0,0,0,-14,0,7,29,7,8,0,195,195,199,199,250,199,357,308,1144,0,0,0,0,0,0,0,0,-12835,-12835,-12836,0,0,0,0,0,0,0,0,0,0,0,-28000,-28000,-27996]} 1. e4 c5 2. Nf3 d6 3. Bb5+ Bd7 4. Bxd7+ Qxd7 5. O-O Nf6 6. Re1 Nc6 7. c4 g6 8. Nc3 Bg7 9. d4 cxd4 10. Nxd4 Nxd4 11. Qxd4 O-O {B52: Sicilian: Moscow Variation with 3...Bd7.} 12. Bd2 Rfc8 13. b3 Ng4 {The position is equal.} 14. Qd3 Ne5 {[#]} 15. Qe2 $146 ({Predecessor:} 15. Qg3 Qg4 16. Nd5 Qxg3 17. hxg3 Kf8 18. Rad1 Nd3 19. Re3 Nc5 20. Bc3 Bxc3 21. Nxc3 {0-1 (52) Pomar Salamanca,A-Eliskases,E Havana 1952}) 15... Nc6 16. Rad1 Rab8 17. Nd5 b5 18. cxb5 Nd4 19. Qd3 Nc2 20. Rf1 e6 21. Nc3 Nd4 22. Rc1 f5 ({Better is} 22... Rf8 $14) 23. exf5 $1 $16 gxf5 {[%cal Rd4b5]} 24. Rfe1 Kf7 25. h3 e5 26. Be3 e4 27. Qd2 Ne6 28. b6 (28. a4 $16) 28... axb6 (28... f4 $1 $14) 29. Nd5 Qb5 (29... Rxc1 $16 {was called for.} 30. Rxc1 b5) 30. Rxc8 $18 Rxc8 31. Nxb6 ({Stronger than} 31. Bxb6 Nd4 $11) 31... Rc6 32. Nd5 (32. Nc4 $1 $18) 32... Bd4 $1 $11 33. Nf4 Bc3 34. Qe2 (34. Qd1 {with more complications.} Nxf4 35. Bxf4 Bxe1 36. Qxe1 Qd5 37. Qe2) 34... Qxe2 35. Rxe2 Nxf4 36. Bxf4 {[%mdl 4096] Endgame Black must now prevent Rc2. KRB-KRB} Bb4 37. g4 d5 38. Kg2 Kf6 39. f3 Ba3 40. gxf5 (40. Rd2 {looks sharper.} Ke6 41. gxf5+ Kxf5 42. Bg3 exf3+ 43. Kxf3 Rc3+ 44. Kg2) 40... Kxf5 41. Be3 Bc5 $2 (41... Ke5 $11 {and Black stays safe.}) 42. fxe4+ $18 dxe4 {With the idea ...Bxe3.} 43. Bxc5 Rxc5 {KR-KR} 44. b4 $1 {[%cal Rb4c5]} Rd5 {[#]} (44... Rc1 {was necessary.} 45. Rb2 Ke6) 45. Rb2 $1 Kf4 $2 (45... Ke6 46. b5 Kd7) 46. Kf2 $2 ({Only move:} 46. b5 $18) 46... e3+ $11 47. Ke2 Rg5 {( -> ...Rg2+)} 48. Kd3 Kf3 49. b5 {[%cal Bb4b5,Bb5b6,Bb6b7][%mdl 32] And now b6 would win.} Rd5+ 50. Kc4 $2 {[%mdl 8192]} (50. Kc3 $11) 50... Rd2 $19 51. Rb3 {[#]} Rxa2 $2 (51... Ke4 $1 $19 52. Rb1 e2) 52. b6 $11 {Threatens to win with b7.} Ra8 {Strongly threatening ...Rc8+.} 53. b7 Rb8 54. Rb6 e2 55. Rf6+ Kg3 56. Re6 Rxb7 $4 {[%mdl 8192]} (56... Kf2 $11 57. Rf6+ Kg2) 57. Rxe2 Kxh3 58. Re8 {Both players deserved the win here.  Weighted Error Value: White=0.38/Black=0.35} 0-1

[Event "10th Konjic 2021"]
[Site "Konjic"]
[Date "2021.02.28"]
[Round "5.5"]
[White "Isik, Alparslan"]
[Black "Stocko, Josip"]
[Result "0-1"]
[WhiteElo "2321"]
[BlackElo "2230"]
[Annotator "TA"]
[PlyCount "106"]
[EventDate "2021.02.26"]
[EventType "tourn"]
[EventCountry "BIH"]
[SourceTitle "playchess.com"]
[Source "ChessBase"]
[SourceQuality "1"]

{[%evp 13,106,10,2,10,14,2,25,15,18,22,15,18,20,14,17,16,22,24,23,7,13,-19,-14,-37,-37,-33,-16,-55,-45,-58,-25,-52,-23,-35,-25,-41,-10,-18,0,-8,0,-97,-96,-107,-107,-104,-104,-102,-97,-128,-106,-145,-141,-140,-133,-136,-142,-169,-162,-220,-210,-211,-218,-222,-216,-216,-158,-158,-158,-372,-372,-466,-318,-318,-250,-240,-156,-414,-231,-300,-250,-387,-218,-217,-211,-230,-220,-29965,-29972,-29981,-29982,-29981,-29982,-29995,-29996]} 1. e4 c5 2. Nf3 d6 3. Bb5+ Nd7 4. d4 cxd4 5. Qxd4 a6 6. Bxd7+ Bxd7 7. Nc3 e5 8. Qd3 {B51: Sicilian: Moscow Variation (3 Bb5+) without 3...Bd7.} Rc8 9. O-O h6 10. Rd1 {White has an edge.} Nf6 11. Nd2 Qc7 12. Nf1 Bg4 13. f3 Be6 14. Ne3 Be7 15. a4 O-O 16. a5 Rfd8 17. Bd2 d5 18. Nexd5 Bxd5 19. exd5 Bb4 {[#]} 20. Be3 $146 ({Predecessor:} 20. Qe2 Bxa5 21. Ne4 Bb6+ 22. Kh1 Nxd5 23. Bxh6 Qxc2 24. Qe1 Qc6 25. Bg5 f6 26. Rac1 {0-1 (38) Rozentalis,E (2531)-Georgiadis,N (2543) Austria 2020}) 20... Bxc3 21. d6 Qc6 ({Weaker is} 21... Bxb2 22. dxc7 Rxd3 23. Rxd3 $18) 22. bxc3 Qxc3 23. Bb6 Rd7 24. Rac1 Qxd3 25. Rxd3 Ne8 26. Rd5 f6 27. Bc5 {[#]} (27. c4 $11) 27... Nc7 $1 $17 {[%cal Rc7d5]} 28. Rd2 (28. Rd3 Nb5) 28... Nb5 29. Bb4 Rc4 $36 {[%mdl 2048] Keeping White busy.} 30. c3 Kf7 31. Rd3 Ke6 32. Rcd1 Na7 33. Rb1 Nc6 34. Rb2 h5 35. g3 g5 36. Re3 (36. Kf1 $142) 36... Nxb4 $19 37. cxb4 Rxd6 {[%mdl 4096] Endgame KRR-KRR} 38. Reb3 g4 39. Kf2 b5 40. axb6 Rxb6 41. f4 $2 (41. Kg2 $17) 41... exf4 42. gxf4 Rxf4+ 43. Kg3 Re4 44. Kh4 Rb5 45. Ra3 $2 {White does not recover from this.} (45. Ra2 $17 {was worth a try.}) 45... Kf7 (45... a5 $142 {Strongly threatening ...Kf7.} 46. Rc2 axb4) 46. Rf2 Re6 ({Less strong is} 46... Rbxb4 47. Rxa6 g3+ 48. Kxg3 $17) 47. Rf4 (47. Rfa2 {keeps fighting.}) 47... Kg6 (47... Re2 $142 48. h3 Rh2) 48. h3 f5 49. Rc3 Rbe5 50. Rc8 $2 (50. Rd4 $19) 50... Re3 {[%csl Gg4][%cal Re3h3] Black mates.} 51. hxg4 hxg4 {[%csl Gg4][%cal Re3h3]} 52. Rg8+ Kh7 53. Rf8 {[#]} Rg6 $1 {[%csl Gg4][%cal Re3h3] Weighted Error Value: White=0.43/Black=0.19} 0-1

[Event "10th Konjic 2021"]
[Site "Konjic"]
[Date "2021.03.01"]
[Round "6.1"]
[White "Zenelaj, Samuel"]
[Black "Stocko, Josip"]
[Result "1-0"]
[WhiteElo "2208"]
[BlackElo "2230"]
[Annotator "TA"]
[PlyCount "59"]
[EventDate "2021.02.26"]
[EventType "tourn"]
[EventCountry "BIH"]
[SourceTitle "playchess.com"]
[Source "ChessBase"]
[SourceQuality "1"]

{[%evp 16,59,2,0,35,-16,0,-11,26,9,50,50,52,65,89,107,129,134,152,108,101,43,190,188,271,231,236,231,217,239,337,335,362,353,329,301,317,320,318,302,258,241,307,182,1449,1442]} 1. e4 g6 2. d4 Bg7 3. Nf3 d6 4. Nbd2 Nf6 5. Bb5+ c6 6. Bd3 O-O 7. O-O c5 8. c3 cxd4 9. cxd4 Nc6 {B07: Pirc Defence: Miscellaneous Systems.} (9... e5 $5) 10. Qe2 {[#] 10.d5 is the modern continuation.} (10. Re1 $14) 10... e5 $146 ({Predecessor:} 10... Bg4 11. Nb3 a5 12. Be3 a4 13. Nbd2 Nd7 14. Qe1 a3 15. Rb1 Nb4 16. Bc4 Nc2 17. Qc1 Nxe3 18. fxe3 {0-1 (63) Mejia,J (1859)-De Los Santos Nunez,E (2110) Santo Domingo 2017}) 11. d5 Ne7 {The position is equal.} 12. Nc4 Bg4 13. h3 Bxf3 14. Qxf3 ({Much weaker is} 14. gxf3 Nh5 $11) 14... b5 15. Ne3 Qb6 16. a4 a6 17. Bd2 Nd7 18. b4 (18. axb5 $16 Nc5 19. Bc2) 18... Bh6 {A mistake that costs the game.} (18... f5 $1 $14) 19. Qe2 $18 f5 {[#]} (19... Rfb8 $142 20. Ra3 Qb7) 20. Nxf5 $1 {[%mdl 512]} Nxf5 21. exf5 Bxd2 22. Qxd2 Kg7 (22... Qd4 {might work better.}) 23. fxg6 hxg6 24. Qg5 e4 25. Bxe4 Ne5 26. axb5 axb5 {[#] ...Rxa1 is the strong threat.} 27. Rxa8 Rxa8 28. Kh1 {Hoping for f4.} Qd4 29. Bb1 (29. f3 $142) 29... Qc4 $2 (29... Qxb4 30. Rc1 Rf8) 30. Rc1 {Weighted Error Value: White=0.24/Black=0.42} 1-0

[Event "10th Konjic 2021"]
[Site "Konjic"]
[Date "2021.03.01"]
[Round "6.2"]
[White "Muratovic, Efim"]
[Black "Isik, Alparslan"]
[Result "1-0"]
[WhiteElo "2365"]
[BlackElo "2321"]
[Annotator "TA"]
[PlyCount "63"]
[EventDate "2021.02.26"]
[EventType "tourn"]
[EventCountry "BIH"]
[SourceTitle "playchess.com"]
[Source "ChessBase"]
[SourceQuality "1"]

{[%evp 10,63,8,14,0,1,9,-11,-11,-13,-23,-45,-14,-20,0,0,0,-6,-8,-44,-31,-19,0,0,0,11,-1,2,27,32,40,14,45,33,88,74,58,72,81,-585,-615,-888,-854,-896,29979,29980,29979,29980,29980,29981,29981,29982,29985,29985,29994,29986]} 1. d4 Nf6 2. Nf3 g6 3. g3 Bg7 4. Bg2 d5 5. c4 c6 6. O-O dxc4 {D73: Fianchetto Grünfeld: 5 Nf3 .} 7. Qc2 b5 8. e4 O-O {[#] The position is equal.} 9. Rd1 $146 ({Predecessor:} 9. Nc3 Na6 10. a3 Bb7 11. Bg5 h6 12. Bf4 Nc7 13. Rad1 Ne6 14. Bc1 a6 15. h4 {1-0 (43) Gordievsky,D (2579)-Banusz,T (2619) chess24.com INT 2019}) 9... a5 10. b3 cxb3 11. axb3 Bb7 12. Nc3 Na6 13. Bf4 Qb6 14. Ne5 Rfd8 15. Be3 Nd7 16. d5 c5 17. Nxd7 Rxd7 18. Rac1 Nb4 19. Qe2 Ba6 20. h4 Bd4 21. e5 $1 {[%cal Re5e6]} Rad8 (21... Bxe5 $14 22. Ne4 Rxd5) 22. e6 $1 $16 {[%cal Re6d7]} fxe6 23. Bh3 Rd6 {[#]} ({Wrong is} 23... exd5 $2 24. Bxd4 Rd6 25. Qxe7 $18) 24. Rxd4 {[%mdl 8192]} cxd4 $19 25. Bh6 {Threatens to win with Qe5.} dxc3 26. Qe5 {[#]} Kf7 $4 {[%mdl 8192]} (26... Qxf2+ $3 $19 {[%mdl 512]} 27. Kh1 (27. Kxf2 Nd3+) 27... Qf6 28. Qxc3 Nxd5 29. Qxf6 exf6) 27. dxe6+ {White mates.} Rxe6 28. Qg7+ {[%mdl 64] Double Attack} Ke8 29. Qg8+ {[%mdl 64] Double Attack} Kd7 30. Rd1+ Kc6 31. Qxe6+ {[%mdl 64] Double Attack} Rd6 32. Bg2+ {Weighted Error Value: White=0.44/Black=0.35} 1-0

[Event "10th Konjic 2021"]
[Site "Konjic"]
[Date "2021.03.01"]
[Round "6.3"]
[White "Burovic, Rijad"]
[Black "Runic, Zoran"]
[Result "0-1"]
[WhiteElo "2444"]
[BlackElo "2378"]
[Annotator "TA"]
[PlyCount "110"]
[EventDate "2021.02.26"]
[EventType "tourn"]
[EventCountry "BIH"]
[SourceTitle "playchess.com"]
[Source "ChessBase"]
[SourceQuality "1"]

{[%evp 9,110,32,35,30,31,23,37,4,9,0,0,0,28,30,20,25,21,17,16,24,26,29,52,52,61,57,56,13,27,32,29,-35,-35,-33,-35,-29,-33,-29,-26,-29,-35,-22,-28,-31,-32,-54,-54,-54,-54,-74,-71,-95,-95,-118,-108,-119,-88,-144,-148,-144,-165,-150,-152,-189,-208,-214,-202,-200,-197,-210,-206,-234,-225,-287,-233,-382,-254,-252,-250,-256,-260,-347,-352,-368,-368,-367,-354,-361,-343,-470,-451,-425,-412,-973,-923,-4614,-4614,-29973,-4930,-29988,-29988,-29988,-29989]} 1. e4 Nf6 2. Nc3 d5 3. e5 Ne4 4. Nxe4 dxe4 5. d4 exd3 6. Bxd3 {B02: Alekhine's Defence: Chase Variation and lines with early Nc3.} g6 7. Nf3 {[#]} Bf5 $146 ({Predecessor:} 7... Bg7 8. b3 Bg4 9. Bb2 O-O 10. Qe2 c5 11. O-O Nc6 12. Rfe1 Qc7 13. Kh1 Rad8 {½-½ (35) Billing,A (1785)-Kirch,F (1888) Oberhaching 2006}) 8. Bb5+ {White is slightly better.} c6 9. Qxd8+ Kxd8 10. Bc4 {Strongly threatening Ng5.} Ke8 11. e6 Bxe6 12. Bxe6 fxe6 13. Bf4 Nd7 14. O-O-O Bg7 15. Ng5 e5 {[#]} 16. Ne6 {[%mdl 1024] White has compensation.} Bf6 17. Be3 {Black must now prevent Nc7+.} Rc8 18. Rd2 b6 19. Rhd1 Nb8 20. Ng5 (20. b4 $11) 20... Bxg5 $15 21. Bxg5 c5 22. Bh4 Rf8 23. Re1 Nc6 24. Bg3 Rd8 25. Rde2 Rd5 26. f3 {[%cal Rg3e5]} Rf5 27. Rd2 Rxd2 28. Kxd2 {[%mdl 4096] Endgame KRB-KRN} Kd7 29. Ke3 Rf6 {Black continues to play with concentration.} 30. c3 Rd6 31. h4 Ke6 32. Bh2 b5 33. a4 (33. Ke2 $142) 33... b4 $17 ({Don't take} 33... bxa4 34. Ra1 $15) 34. Bg1 bxc3 35. bxc3 c4 36. Ke2 Rd3 37. Rc1 Kd5 38. Be3 e4 39. fxe4+ Kxe4 40. Bd2 {[#]} Na5 $1 {And now ...Rxd2+! would win.} 41. Rf1 Nb3 42. Rf4+ (42. Bg5 {was called for.}) 42... Ke5 43. Be3 Rxc3 44. Rf7 e6 45. Rxa7 Ke4 46. Bg5 Rc2+ 47. Kf1 Ra2 48. Rxh7 c3 ({Not} 48... Rxa4 49. Rh6 $19) 49. Rg7 Kd3 50. Rd7+ Nd4 51. Rg7 (51. h5 $142 gxh5 52. Rh7) 51... e5 $19 52. Rxg6 e4 53. h5 c2 {( -> ...e3)} 54. Bc1 Ra1 55. Rg3+ {[#]} Nf3 $1 {[%mdl 576] Promotion.  Weighted Error Value: White=0.64/Black=0.05} 0-1

[Event "10th Konjic 2021"]
[Site "Konjic"]
[Date "2021.03.01"]
[Round "6.4"]
[White "Mrndjic, Muamer"]
[Black "Kamer, Kayra"]
[Result "1/2-1/2"]
[WhiteElo "2257"]
[BlackElo "2339"]
[Annotator "TA"]
[PlyCount "59"]
[EventDate "2021.02.26"]
[EventType "tourn"]
[EventCountry "BIH"]
[SourceTitle "playchess.com"]
[Source "ChessBase"]
[SourceQuality "1"]

{[%evp 31,42,0,0,0,0,0,0,0,0,0,0,0,0]} 1. e4 c5 2. Nf3 d6 3. d4 cxd4 4. Nxd4 Nf6 5. Nc3 a6 6. Bg5 e6 7. f4 Qb6 8. Qd2 Qxb2 9. Rb1 Qa3 10. f5 Nc6 11. fxe6 fxe6 12. Nxc6 bxc6 13. Be2 Be7 14. O-O O-O 15. Rb3 Qc5+ 16. Be3 Qe5 {The position is equal.} 17. Bd4 {B97: Sicilian Najdorf: Poisoned Pawn.} Qa5 ({Wrong is} 17... Nxe4 $2 18. Rxf8+ Bxf8 19. Nxe4 $18) 18. Bb6 Qe5 19. Bd4 Qa5 (19... Nxe4 $2 20. Rxf8+ Bxf8 21. Nxe4 $18) 20. Bb6 Qe5 21. Bd4 {[%cal Rd4e5]} Qa5 $1 {[#] An uneventful encounter.  Weighted Error Value: White=0.00/Black=0.00} ({Avoid the trap} 21... Nxe4 $2 22. Rxf8+ Bxf8 23. Nxe4 $18) {Predecessor:} 22. Kh1 $146 Nd7 23. Rxf8+ Bxf8 24. Rb1 Be7 25. Bc4 Ne5 26. Bb3 Bd7 27. Qe3 Bf6 28. Bb6 Ng4 29. Bxa5 Nxe3 30. Na4 {0-1 (40) Tukhaev,A (2550)-Blomqvist,E (2449) Sweden 2010} 1/2-1/2

[Event "10th Konjic 2021"]
[Site "Konjic"]
[Date "2021.03.01"]
[Round "6.5"]
[White "Ristic, Nenad"]
[Black "Dumpor, Atif"]
[Result "1/2-1/2"]
[WhiteElo "2330"]
[BlackElo "2268"]
[Annotator "TA"]
[PlyCount "24"]
[EventDate "2021.02.26"]
[EventType "tourn"]
[EventCountry "BIH"]
[SourceTitle "playchess.com"]
[Source "ChessBase"]
[SourceQuality "1"]

{[%evp 9,24,28,66,-3,25,6,123,0,0,0,0,0,0,0,0,0,0]} 1. e4 Nf6 2. e5 Nd5 3. d4 d6 4. Nf3 Bg4 5. h3 Bh5 6. Bc4 {B05: Alekhine's Defence: 4 Nf3 Bg4.} ({Better is} 6. e6 $14) 6... Nb6 7. Bb3 {[#]} Nc6 $146 {[#]} (7... e6 $11) ({Predecessor:} 7... e6 8. g4 Bg6 9. Qe2 d5 10. Be3 a5 11. c3 Be7 12. Bc2 Bxc2 13. Qxc2 Na6 {½-½ (63) Adell Corts,F (2212)-Plaza Agudo,J (2066) Mislata 2010}) 8. Ng5 Bxd1 $11 {The position is equal.} 9. Bxf7+ Kd7 10. Be6+ Ke8 11. Bf7+ Kd7 12. Be6+ Ke8 {Weighted Error Value: White=0.43/Black=0.69} 1/2-1/2

[Event "10th Konjic 2021"]
[Site "Konjic"]
[Date "2021.03.02"]
[Round "7.2"]
[White "Kamer, Kayra"]
[Black "Ristic, Nenad"]
[Result "1/2-1/2"]
[WhiteElo "2339"]
[BlackElo "2330"]
[Annotator "TA"]
[PlyCount "99"]
[EventDate "2021.02.26"]
[EventType "tourn"]
[EventCountry "BIH"]
[SourceTitle "playchess.com"]
[Source "ChessBase"]
[SourceQuality "1"]

{[%evp 21,99,41,42,13,30,0,0,0,0,0,14,16,0,18,10,2,25,21,32,-32,-32,-41,0,-32,-32,-32,-7,-32,-32,-46,-46,-39,-39,-46,-46,-46,-46,-46,0,-46,-46,-46,-18,-19,-2,-9,-9,-9,-9,-19,-19,-43,-12,-12,-12,-19,-12,-52,-52,-83,0,0,0,0,0,0,0,0,0,0,0,0,0,0,0,0,0,0,0,0]} 1. Nf3 c5 2. e4 d6 3. d4 cxd4 4. Nxd4 Nf6 5. Nc3 g6 6. Be3 Bg7 7. f3 Nc6 8. Bc4 O-O 9. Qd2 Nxd4 10. Bxd4 Be6 11. Bxe6 fxe6 {[#]} 12. a4 $146 {[%cal Ba2a4,Ba4a5][%mdl 32] B77: Sicilian Dragon: Yugoslav Attack, 9 Bc4 sidelines.} ({Predecessor:} 12. O-O-O Qa5 13. Kb1 Rac8 14. Ne2 Qxd2 15. Rxd2 Nd7 16. b3 Bxd4 17. Nxd4 Rf6 18. Kb2 a6 19. Rd3 Nc5 20. Re3 e5 {1-0 (55) Shirov,A (2639)-Hansen,S (2581) Sweden 2019}) 12... Nd7 13. Bxg7 Kxg7 14. a5 Qc7 15. Nb5 Qc4 16. Qd4+ Qxd4 $1 17. Nxd4 Kf7 18. a6 bxa6 19. Rxa6 e5 20. Nb5 (20. Ne2 $14) 20... Rab8 $15 21. Rxa7 {[#]} Rfc8 $1 22. Na3 (22. Nxd6+ $5 exd6 23. Rxd7+ {[%mdl 64] Double Attack} Ke6 24. Rxh7 $11) 22... Rxb2 23. Rxd7 {Strongly threatening Ra7.} Ra2 {...Ra1+ is the strong threat.} 24. Kd2 {And now Ra7 would win.} Rxa3 {[%mdl 4096] Endgame KRR-KRR} 25. Rb7 Rac3 26. Rc1 g5 27. Rb3 R3c4 28. Kd3 Rd4+ 29. Ke3 Rdc4 30. c3 h5 31. Kd3 R8c7 32. h4 Kg6 33. hxg5 Kxg5 34. g3 Rc8 35. Ra1 R4c7 36. Ra5 h4 37. gxh4+ Kxh4 38. Ra1 Kg3 39. Rg1+ Kxf3 40. Rg7 {[#]} e6 (40... Kf4 $1 $17) 41. Rg6 $11 {The position is equal.} d5 42. Rf6+ Kg4 43. Rxe6 dxe4+ 44. Kxe4 Rxc3 45. Rg6+ Kh5 46. Rbb6 {Intending Rh6+ and mate.} R3c4+ 47. Kf5 {[%csl Gb6][%cal Rg6h6]} Rf8+ 48. Kxe5 Rc5+ 49. Kd4 Rg5 50. Rxg5+ {Weighted Error Value: White=0.13/Black=0.10} 1/2-1/2